00423cam a22001097a 4500008004000000082003000040100002500070245009600095260004600191300001100237440006500248180718b1983 xxu||||| |||| 00| 0 eng d aA81x54 In2/81/11/PT13B/RE aCensus of India 1981 aMadhya Pradesh district census handbook, Rewa: village and townwise primary census abstract aBhopalbThe Govt. of Madhya Pradeshc1983 a175+p. aCensus of India 1981. Series-11, Madhya Pradesh. Part XIII-B